[Event "Helmut-Kohls-Turnier"]
[Site "Dortmund GER"]
[Date "2013.08.01"]
[Round "6.2"]
[White "Wagner, Dennis"]
[Black "Orlov, Andrey"]
[Result "1/2-1/2"]
[WhiteTitle "IM"]
[BlackTitle "GM"]
[WhiteElo "2465"]
[BlackElo "2535"]
[WhiteFideId "24650684"]
[BlackFideId "4125282"]
[EventDate "2013.07.27"]

1. d4 Nf6 2. c4 e6 3. Nf3 b6 4. g3 Bb7 5. Bg2 g6 6. O-O Bg7 7. Qd3 O-O 8. Nc3
Re8 9. Bf4 Nc6 10. a3 d6 11. Rfd1 Qe7 12. d5 Nd8 13. e4 e5 14. Bg5 h6 15. Be3
Bc8 16. b4 Nb7 17. h3 Nh5 18. Qd2 Kh7 19. g4 Nf4 20. Ne2 Nxg2 21. Kxg2 f5 22.
gxf5 gxf5 23. exf5 Bxf5 24. Ng3 Bg6 25. h4 Rf8 26. h5 Bf5 27. Rh1 e4 28. Nh4 Bg4
29. Rag1 Qf6 30. Qc2 Rae8 31. Ng6 Qf3+ 32. Kh2 Be5 33. Nh4 Qf6 34. Qxe4+ Bf5 35.
Qxf5+ Qxf5 36. Nxf5 Rxf5 37. Kh3 Bxg3 38. Kxg3 Nd8 39. Rh4 Nf7 40. Bd4 Rg8+ 41.
Kh2 Ng5 42. Kh1 Nf3 43. Rxg8 Kxg8 44. Rg4+ Kf8 45. Bg7+ Kf7 46. Kg2 Ne5 47. Bxe5
Rxe5 48. Rh4 a6 49. a4 1/2-1/2

[Event "Helmut-Kohls-Turnier"]
[Site "Dortmund GER"]
[Date "2013.08.01"]
[Round "6.3"]
[White "Bok, Benjamin"]
[Black "Poetsch, Hagen"]
[Result "1/2-1/2"]
[WhiteTitle "IM"]
[BlackTitle "IM"]
[WhiteElo "2532"]
[BlackElo "2442"]
[WhiteFideId "1017063"]
[BlackFideId "24615137"]
[EventDate "2013.07.27"]

1. e4 e6 2. d4 d5 3. Nd2 c5 4. exd5 Qxd5 5. Ngf3 cxd4 6. Bc4 Qd6 7. O-O Nf6 8.
Nb3 Nc6 9. Nbxd4 Nxd4 10. Nxd4 a6 11. Re1 Qc7 12. Qe2 Bc5 13. c3 O-O 14. Bg5 Nd5
15. Rad1 Nf4 16. Qe4 Ng6 17. Bb3 Bd7 18. h4 Be7 19. Bxe7 Nxe7 20. Bc2 g6 21. h5
Rad8 22. Qf3 Kg7 23. Re4 Ng8 24. Qe3 Nf6 25. Rh4 e5 26. hxg6 fxg6 27. Nf3 Ng4
28. Qg5 Bf5 29. Rxd8 Rxd8 30. Rxg4 Bxc2 31. Qxe5+ Qxe5 32. Nxe5 Kf6 33. Nc4 Rd1+
34. Kh2 Bf5 35. Rd4 Ra1 36. a3 Be6 37. Ne3 Rb1 38. Rb4 b5 39. Kg3 g5 40. a4 bxa4
41. Rxa4 Rxb2 42. Rxa6 h5 43. f4 h4+ 44. Kf3 gxf4 45. Kxf4 Ke7 46. Ra7+ Kf6 47.
Rh7 Rf2+ 48. Ke4 Rxg2 49. Rxh4 Rg5 50. Kd4 Ke7 51. Rh7+ Kd6 52. c4 Bxc4 53.
Nxc4+ Ke6 54. Rh6+ Ke7 55. Ne5 Rg1 56. Nf3 Ra1 57. Ke4 Rb1 58. Kf5 Rf1 59. Re6+
Kd7 60. Re3 Kd6 61. Rd3+ Kc5 62. Ke5 Rh1 63. Rc3+ Kb4 64. Rc8 Rh7 65. Ke4 Rh6
66. Kd5 Rh5+ 67. Kd4 Kb5 68. Ne5 Rh4+ 69. Kd5 Kb4 70. Nd3+ Kb3 71. Nc5+ Kb4 72.
Rb8+ Kc3 73. Ne4+ Kd3 74. Rb3+ Kc2 75. Rc3+ Kb2 76. Re3 Rh8 77. Kc4 Rc8+ 78. Nc5
Kc2 79. Re2+ Kd1 80. Rh2 Ke1 81. Kd4 Rd8+ 82. Ke3 Re8+ 83. Ne4 Kd1 84. Rf2 Re7
85. Kd3 Rd7+ 86. Kc4 Rc7+ 87. Nc5 Ke1 88. Rc2 Rc8 89. Kd3 Rd8+ 90. Ke3 Kd1 91.
Rc3 Rh8 92. Rc4 Rh3+ 93. Kd4 Ke2 94. Rc2+ Kf3 95. Ne4 Kf4 96. Rc8 Ra3 97. Rf8+
Kg4 98. Nf6+ Kf5 99. Nd5+ Kg4 100. Ke5 Ra5 101. Rb8 Kf3 102. Rb2 Kg3 103. Ke4 1/2-1/2

[Event "Helmut-Kohls-Turnier"]
[Site "Dortmund GER"]
[Date "2013.08.02"]
[Round "7.1"]
[White "Nalbandian, Tigran"]
[Black "Zelbel, Patrick"]
[Result "1-0"]
[WhiteTitle "GM"]
[BlackTitle "IM"]
[WhiteElo "2434"]
[BlackElo "2385"]
[WhiteFideId "13300245"]
[BlackFideId "24624322"]
[EventDate "2013.07.27"]

1. Nf3 Nf6 2. d4 g6 3. Bf4 Bg7 4. e3 d6 5. Be2 O-O 6. h3 Nbd7 7. O-O c5 8. c3 b6
9. a4 a6 10. Nbd2 Bb7 11. Re1 Ra7 12. Bd3 e5 13. dxe5 dxe5 14. Bg5 h6 15. Bxf6
Nxf6 16. Qc2 Nh7 17. Rad1 Bxf3 18. Nxf3 Ng5 19. Nxg5 Qxg5 20. Bc4 Qe7 21. Qxg6
b5 22. axb5 axb5 23. Bd5 Rd7 24. Qf5 Rfd8 25. e4 Rd6 26. Re3 Rf6 27. Qh5 Rdd6
28. Rf3 Rxf3 29. Qxf3 Ra6 30. Qf5 Rf6 31. Qc8+ Kh7 32. Qb8 b4 33. Ra1 bxc3 34.
bxc3 Rf4 35. Ra7 Qg5 36. Bxf7 h5 37. Qb2 Rf6 38. Rd7 h4 39. Bc4 Rg6 40. Bf1 Qf4
41. Qe2 Kh6 42. Rd3 Qc1 43. Qd2+ Qxd2 44. Rxd2 Bf8 45. Rd5 Re6 46. g3 Kg7 47.
Kg2 Kf6 48. Bb5 Rb6 49. c4 Rb7 50. Rd8 Rf7 51. Re8 Be7 52. Bc6 Rf8 53. Kf3 Rxe8
54. Bxe8 Kg5 55. Ke3 Bd6 56. Kd3 Bc7 57. Bd7 Ba5 58. gxh4+ Kxh4 59. f4 exf4 60.
e5 Bc7 61. Ke4 f3 62. Bg4 f2 63. Be2 Kg5 64. Kd5 Kg6 65. h4 Bd8 66. h5+ Kf5 67.
Bd3+ Kg5 68. Kxc5 Kxh5 69. Kd6 Kg5 70. e6 1-0

[Event "Helmut-Kohls-Turnier"]
[Site "Dortmund GER"]
[Date "2013.08.02"]
[Round "7.2"]
[White "Bluebaum, Matthias"]
[Black "Feygin, Michael"]
[Result "1-0"]
[WhiteTitle "IM"]
[BlackTitle "GM"]
[WhiteElo "2513"]
[BlackElo "2533"]
[WhiteFideId "24651516"]
[BlackFideId "14103109"]
[EventDate "2013.07.27"]

1. d4 Nf6 2. c4 g6 3. Nc3 Bg7 4. e4 d6 5. Nf3 O-O 6. Be2 c5 7. O-O cxd4 8. Nxd4
Nc6 9. Be3 Bd7 10. Qd2 Nxd4 11. Bxd4 Bc6 12. f3 Nd7 13. Be3 a5 14. Rab1 Nc5 15.
b3 Qb6 16. Rfc1 Rfc8 17. Rc2 h5 18. a3 Nxb3 19. Nd5 Bxd5 20. exd5 Bh6 21. Bxb6
Nxd2 22. Rbb2 Ra6 23. Bf2 e6 24. dxe6 fxe6 25. Be1 Bg7 26. Rxb7 Nxc4 27. Bxc4 d5
28. Bd3 Rxc2 29. Bxc2 Rc6 30. Bxg6 Rc1 31. Rb1 1-0

[Event "Helmut-Kohls-Turnier"]
[Site "Dortmund GER"]
[Date "2013.08.02"]
[Round "7.3"]
[White "Poetsch, Hagen"]
[Black "Hoffmann, Michael1"]
[Result "1-0"]
[WhiteTitle "IM"]
[BlackTitle "GM"]
[WhiteElo "2442"]
[BlackElo "2462"]
[WhiteFideId "24615137"]
[BlackFideId "4601297"]
[EventDate "2013.07.27"]

1. e4 c5 2. Nf3 d6 3. d4 cxd4 4. Nxd4 Nf6 5. Nc3 Nc6 6. Bg5 e6 7. Qd2 a6 8.
O-O-O Bd7 9. f4 b5 10. Bxf6 gxf6 11. Kb1 Qb6 12. Nxc6 Bxc6 13. f5 b4 14. Ne2 e5
15. Ng3 h5 16. h4 Qc5 17. Qe2 Bb5 18. Qf3 Rc8 19. Bxb5+ axb5 20. Qe2 Rg8 21.
Nxh5 Ke7 22. Rd5 Qc4 23. Qxc4 Rxc4 24. Rxb5 Rxg2 25. Rb7+ Kd8 26. Rb8+ Ke7 27.
Rb7+ Kd8 28. Nxf6 Kc8 29. Rb5 Bh6 30. c3 bxc3 31. bxc3 Bg7 32. Ne8 Kd7 33. Nxg7
Rxg7 34. Rb4 Rxc3 35. h5 Rcg3 36. Rc4 Rg1+ 37. Rc1 R1g4 38. h6 Rh7 39. Rce1 d5
40. exd5 Kd6 41. Rd1 Rf4 42. Rh3 f6 43. Ra3 Rb4+ 44. Kc2 Rxh6 45. Ra6+ Kc5 46.
Rc6+ Kb5 47. a4+ Rxa4 48. Rb1+ Rb4 49. Rxb4+ Kxb4 50. Kd3 Rh4 51. Ke3 Rd4 52.
Rxf6 Kc5 53. Rf8 Rf4 54. Rd8 Rd4 55. f6 Rf4 56. Rd7 1-0

[Event "Helmut-Kohls-Turnier"]
[Site "Dortmund GER"]
[Date "2013.08.02"]
[Round "7.4"]
[White "Orlov, Andrey"]
[Black "Bok, Benjamin"]
[Result "0-1"]
[WhiteTitle "GM"]
[BlackTitle "IM"]
[WhiteElo "2535"]
[BlackElo "2532"]
[WhiteFideId "4125282"]
[BlackFideId "1017063"]
[EventDate "2013.07.27"]

1. e4 c5 2. Nf3 e6 3. d3 Nc6 4. g3 d5 5. Nc3 Nf6 6. Bd2 Be7 7. Bg2 O-O 8. O-O a6
9. a3 b5 10. exd5 exd5 11. Re1 h6 12. Ne5 Nxe5 13. Rxe5 Be6 14. Re1 Qd7 15. Bf4
Rac8 16. Be5 d4 17. Bxf6 Bxf6 18. Ne4 Be7 19. f4 c4 20. Nf2 Rfe8 21. Qh5 cxd3
22. cxd3 Rc2 23. b4 Rec8 24. h4 f5 25. Re2 Bf7 26. Qf3 R2c3 27. Bh3 Bf6 28. Bg2
g6 29. Kh2 Kg7 30. Nh3 Rc2 31. Rae1 R8c3 32. Rxc2 Rxc2 33. Qd1 Qc7 34. Ng1 Bd5
35. Re2 Rc1 36. Qd2 Bg8 37. Nf3 Qc3 38. Ne5 Qxd2 39. Rxd2 Rc3 40. Rd1 Rxa3 41.
Rc1 Rc3 42. Ra1 Bxe5 43. fxe5 Rxd3 44. Rxa6 Bc4 45. Ra7+ Kf8 46. Rd7 Rd2 47. Kg1
d3 48. Bf3 Rb2 49. e6 Bxe6 50. Rxd3 Rxb4 51. Bd5 Bxd5 52. Rxd5 Ke7 53. h5 Ke6
54. Rc5 gxh5 55. Kf2 Kf6 56. Rc6+ Kg5 57. Rb6 h4 58. gxh4+ Kxh4 59. Rxh6+ Kg4
60. Ke2 Rb3 61. Rh8 Kg3 62. Rg8+ Kf4 63. Rf8 Re3+ 64. Kd2 Re5 65. Kd3 b4 66. Rb8
Re3+ 67. Kd2 b3 68. Rb5 Rh3 69. Rb4+ Kg5 70. Ke2 b2 71. Kf2 Rh1 0-1

[Event "Helmut-Kohls-Turnier"]
[Site "Dortmund GER"]
[Date "2013.08.02"]
[Round "7.5"]
[White "Savchenko, Viacheslav"]
[Black "Wagner, Dennis"]
[Result "0-1"]
[WhiteTitle "IM"]
[BlackTitle "IM"]
[WhiteElo "2412"]
[BlackElo "2465"]
[WhiteFideId "14106485"]
[BlackFideId "24650684"]
[EventDate "2013.07.27"]

1. e4 e5 2. Nf3 Nc6 3. Bb5 a6 4. Ba4 Nf6 5. d3 d6 6. c4 g6 7. Nc3 Bg7 8. Nd5 Bd7
9. Bg5 h6 10. Be3 Nxd5 11. cxd5 Nd4 12. Bxd7+ Qxd7 13. Rc1 c5 14. dxc6 Nxf3+ 15.
Qxf3 bxc6 16. Qg3 h5 17. h3 c5 18. O-O O-O 19. Rc4 a5 20. Bd2 a4 21. Bc3 Bh6 22.
f4 Bxf4 23. Rxf4 exf4 24. Qg5 Kh7 25. Bf6 Ra6 26. Rc1 d5 27. Qxf4 dxe4 28. dxe4
Qe6 29. Bc3 Re8 30. Rf1 Ra7 31. Qg5 Qxe4 32. Qxc5 Rae7 33. Kh2 Rd7 34. Qg5 Re6
35. a3 Qe3 36. Qb5 Ra7 37. Rf3 Qb6 38. Qxb6 Rxb6 39. Bd4 Rbb7 40. Bxa7 Rxa7 41.
Rf4 Kg7 42. Kg3 Rb7 43. Rf2 g5 44. Kf3 f5 45. Ke3 Kf6 46. Kd4 f4 47. Rc2 Rd7+
48. Ke4 Re7+ 49. Kd4 Rd7+ 50. Ke4 Re7+ 51. Kd4 g4 52. Rc5 f3 53. gxf3 g3 54. h4
Rg7 55. Rc1 Kf5 56. Kd3 g2 57. Rg1 Kf4 58. Ke2 Kg3 59. f4 Re7+ 60. Kd3 Kf2 61.
Rc1 Re1 62. Rc2+ Kf3 63. Rxg2 Kxg2 64. b4 Kg3 0-1

[Event "Helmut-Kohls-Turnier"]
[Site "Dortmund GER"]
[Date "2013.07.27"]
[Round "8.1"]
[White "Zelbel, Patrick"]
[Black "Wagner, Dennis"]
[Result "0-1"]
[WhiteTitle "IM"]
[BlackTitle "IM"]
[WhiteElo "2385"]
[BlackElo "2465"]
[WhiteFideId "24624322"]
[BlackFideId "24650684"]
[EventDate "2013.07.27"]

1. e4 e5 2. Nf3 Nc6 3. Bc4 Bc5 4. c3 Nf6 5. d4 exd4 6. cxd4 Bb4+ 7. Bd2 Bxd2+ 8.
Nbxd2 d5 9. exd5 Nxd5 10. Qb3 Na5 11. Qa4+ Nc6 12. Qb3 Nce7 13. O-O O-O 14. Rfe1
Nb6 15. Bd3 Ned5 16. Ne4 Nf4 17. Bf1 Be6 18. Qe3 Ng6 19. Ne5 Ne7 20. Bd3 Nf5 21.
Qh3 Nd5 22. Rad1 Nxd4 23. g4 h6 24. Bb1 Nc6 25. Nxc6 bxc6 26. f4 Nxf4 27. Qf3
Nd5 28. g5 hxg5 29. Qh5 Bf5 30. Nxg5 Bxb1 31. Rxb1 Nf6 32. Qh4 Qd3 33. Rbd1 Qg6
34. Rd2 Rfe8 35. Rf1 Re4 36. Rf4 Rxf4 37. Qxf4 Ne4 38. Qxe4 Qxg5+ 39. Qg2 Qe3+
40. Qf2 Qe6 41. b3 Re8 0-1

[Event "Helmut-Kohls-Turnier"]
[Site "Dortmund GER"]
[Date "2013.07.27"]
[Round "8.2"]
[White "Bok, Benjamin"]
[Black "Savchenko, Viacheslav"]
[Result "1/2-1/2"]
[WhiteTitle "IM"]
[BlackTitle "IM"]
[WhiteElo "2532"]
[BlackElo "2412"]
[WhiteFideId "1017063"]
[BlackFideId "14106485"]
[EventDate "2013.07.27"]

1. e4 c5 2. Nf3 d6 3. d4 cxd4 4. Nxd4 Nf6 5. Nc3 a6 6. Be3 Ng4 7. Bg5 h6 8. Bh4
g5 9. Bg3 Bg7 10. h3 Ne5 11. f3 Nbc6 12. Bf2 Be6 13. Qd2 Rc8 14. O-O-O Qa5 15.
Nb3 Bxb3 16. cxb3 Nd8 17. Kb1 Ne6 18. Nd5 Qxd2 19. Rxd2 Nf4 20. Nb6 Rc7 21. b4
O-O 22. b5 axb5 23. Bxb5 f5 24. Be3 Neg6 25. Nd5 Nxd5 26. exd5 Ra8 27. Bb6 Rcc8
28. Bd7 Rc4 29. a3 f4 30. Bb5 Ne5 31. Rc1 Rxc1+ 32. Kxc1 h5 33. Rc2 g4 34. hxg4
hxg4 35. fxg4 Kf7 36. Be2 Rh8 37. Rd2 Rh2 38. Bf3 Nc4 39. Bg1 Rh1 40. Rd1 Bxb2+
41. Kc2 Bxa3 42. g3 Rxg1 43. Rxg1 Bc5 44. Rh1 fxg3 45. Kd3 b5 46. Ke2 Ne5 47.
Rh3 Bf2 48. Rh8 b4 49. g5 Kg6 50. Rg8+ Kf5 51. Bg2 Ng6 52. Rb8 Bc5 53. Kf3 Kxg5
54. Kxg3 Kf5 55. Rg8 Bd4 56. Bh3+ Kf6 57. Bg2 Ne5 58. Rf8+ Kg7 59. Rb8 Bc3 60.
Kf4 Nd3+ 61. Kf5 Nc5 62. Be4 b3 63. Bb1 b2 64. Bc2 Bf6 65. Kf4 Na6 66. Rb6 Nc5
67. Kf5 Bc3 68. Rb8 Kf7 69. Kf4 e6 70. dxe6+ Kxe6 71. Ke3 Kd5 72. Bb1 Kc6 73.
Ke2 Kd5 74. Kd1 Kd4 75. Kc2 Nd3 76. Ba2 Nc1 77. Bf7 Nd3 78. Rb5 Nc5 79. Bg8 Ne4
80. Rd5+ Ke3 81. Bh7 Be5 82. Bxe4 Kxe4 83. Rxd6 Bxd6 84. Kxb2 1/2-1/2

[Event "Helmut-Kohls-Turnier"]
[Site "Dortmund GER"]
[Date "2013.07.27"]
[Round "9.2"]
[White "Poetsch, Hagen"]
[Black "Nalbandian, Tigran"]
[Result "1/2-1/2"]
[WhiteTitle "IM"]
[BlackTitle "GM"]
[WhiteElo "2442"]
[BlackElo "2434"]
[WhiteFideId "24615137"]
[BlackFideId "13300245"]
[EventDate "2013.07.27"]

1. e4 Nf6 2. e5 Nd5 3. d4 d6 4. Nf3 Bg4 5. Be2 e6 6. c4 Nb6 7. exd6 cxd6 8. h3
Bh5 9. Nc3 Be7 10. O-O O-O 11. b3 Nc6 12. Ba3 d5 13. Bxe7 Qxe7 14. c5 Nd7 15.
Qd2 a6 16. Rfe1 Qd8 17. Rab1 Bg6 18. Bd3 Bh5 19. Be2 Bg6 20. Bd3 Bh5 21. Be2 1/2-1/2

[Event "Helmut-Kohls-Turnier"]
[Site "Dortmund GER"]
[Date "2013.07.27"]
[Round "9.3"]
[White "Orlov, Andrey"]
[Black "Feygin, Michael"]
[Result "1/2-1/2"]
[WhiteTitle "GM"]
[BlackTitle "GM"]
[WhiteElo "2535"]
[BlackElo "2533"]
[WhiteFideId "4125282"]
[BlackFideId "14103109"]
[EventDate "2013.07.27"]

1. e4 e6 2. d4 d5 3. Nd2 dxe4 4. Nxe4 Nf6 5. Bg5 Be7 6. Nxf6+ Bxf6 7. Bxf6 Qxf6
8. Nf3 b6 9. Bb5+ c6 10. Bd3 Nd7 11. O-O Bb7 12. Be4 Qe7 13. Ne5 Nxe5 14. dxe5
c5 15. Qf3 Bxe4 16. Qxe4 O-O 17. Rad1 Rad8 18. f4 Rd7 19. Qe2 Rfd8 20. b3 h6 21.
g3 g6 22. Kg2 h5 23. h4 Kg7 24. Rfe1 Kg8 25. Rf1 Kg7 1/2-1/2

[Event "Helmut-Kohls-Turnier"]
[Site "Dortmund GER"]
[Date "2013.07.27"]
[Round "9.5"]
[White "Wagner, Dennis"]
[Black "Bok, Benjamin"]
[Result "1/2-1/2"]
[WhiteTitle "IM"]
[BlackTitle "IM"]
[WhiteElo "2465"]
[BlackElo "2532"]
[WhiteFideId "24650684"]
[BlackFideId "1017063"]
[EventDate "2013.07.27"]

1. d4 Nf6 2. c4 e6 3. Nf3 d5 4. g3 dxc4 5. Bg2 Bb4+ 6. Bd2 a5 7. O-O O-O 8. Bg5
Nbd7 9. Qc2 h6 10. Bxf6 Qxf6 11. Qxc4 e5 12. Qxc7 exd4 13. Qf4 Qxf4 14. gxf4 Bc5
15. Rd1 Nf6 16. Nbd2 Nh5 17. Ne4 Bb6 18. Nxd4 Nxf4 19. Bf3 Rd8 20. Nb5 Bd7 21.
Nbd6 Bc6 22. e3 Ng6 23. Nc4 Bc7 24. Ned2 Ra6 25. b3 b5 26. Bxc6 Rxc6 27. Na3 Ne5
28. Nf1 Rxd1 29. Rxd1 Rc5 30. Ng3 f5 31. Kg2 b4 32. Nb1 g6 33. a3 Rc2 34. axb4
axb4 35. Rd4 Bb6 36. Rd5 Bxe3 37. Rxe5 Rxf2+ 38. Kh3 f4 39. Ne4 Rb2 40. Rd5 Rxb1
41. Rd7 Kf8 42. Nf6 1/2-1/2